Vài suy nghĩ về Đông Kinh Nghĩa Thục và Fukuzawa Yukichi (Phúc Trạch Dụ Cát) /

محفوظ في:
التفاصيل البيبلوغرافية
المؤلف الرئيسي: Ken Arakawa.
التنسيق: مقال
اللغة:Vietnamese
الموضوعات:
الوسوم: إضافة وسم
لا توجد وسوم, كن أول من يضع وسما على هذه التسجيلة!
Thư viện lưu trữ: Thư viện Trường Đại học Đà Lạt
LEADER 00884nam a2200289 4500
001 DLU090076965
005 ##20090220
040 # # |a DLU  |b vie 
041 # # |a vie 
044 # # |a vn 
100 # # |a Ken Arakawa. 
245 # # |a Vài suy nghĩ về Đông Kinh Nghĩa Thục và Fukuzawa Yukichi (Phúc Trạch Dụ Cát) /  |c Ken Arakawa. 
653 # # |a Đổi mới 
653 # # |a Kháng chiến chống Pháp 
653 # # |a Phan Bội Châu, 1867-1940 
653 # # |a Phan Chu Trinh, 1872-1926 
653 # # |a Phong trào yên nước 
773 # # |t Nghiên cứu lịch sử  |g Số 3(328), 2003, tr. 87-93 
920 # # |a Phòng Tạp chí -- Trung tâm Thông tin - Thư viện Trường Đại học Đà Lạt 
994 # # |a DLU 
900 # # |a True 
911 # # |a Phan Thị Mỹ Thảo 
925 # # |a G 
926 # # |a A 
927 # # |a BB 
980 # # |a Thư viện Trường Đại học Đà Lạt